00474nam a22001577a 450000500170000000800410001702000230005804100080008108200180008910000170010724500940012426000390021830000240025750400160028165000190029720260506131958.0260506b |||||||| |||| 00| 0 eng d a9781403936332qhbk aeng a341.2422 BEA aBeach, Derek aThe Dynamics of European Integration:bWhy and When EU Institutions Matterc/Derek Beach; aNew YorkbPalgrave Macmillanc2005 axii, 304p. :c25cm. aBib and Ref aLaw of nations